La grammaire pour tous.

שמור ב:
מידע ביבליוגרפי
פורמט: ספר
יצא לאור: Hatier, 1990.
נושאים:
תגים: הוספת תג
אין תגיות, היה/י הראשונ/ה לתייג את הרשומה!
Thư viện lưu trữ: Mạng thư viện Đại học Đà Nẵng
LEADER 00773nam a22002411a 4500
001 000036474
003 12769
005 20221206174122.0
008 160408s1990 000
082 |a 445  |b LA-G 
245 0 |a La grammaire pour tous. 
260 |b Hatier,  |c 1990. 
300 |a 351tr. : ;  |c 20cm. 
653 |a grammaire  |a grammaire pour tous 
OWN |a LNN 
AVA |a UDN50  |b LNN  |c French  |d 445LA-G  |e available  |t Error 5001 Not defined in file expand_doc_bib_avail.  |f 2  |g 0  |h N  |i 0  |j PN 
999 |a From the UDN01 
AVA |a UDN50  |b LNN  |c French  |d 445LA-G  |e available  |t Error 5001 Not defined in file expand_doc_bib_avail.  |f 2  |g 0  |h N  |i 0  |j PN 
TYP |a Monograph 
980 |a Mạng thư viện Đại học Đà Nẵng